| 000 | 00403nam a2200181Ia 4500 | ||
|---|---|---|---|
| 005 | 20250425161435.0 | ||
| 008 | 250425s9999 xx 000 0 und d | ||
| 041 | _aeng | ||
| 082 | _a621.31922 | ||
| 100 | _aMCCOMBE, JOHN | ||
| 245 | 0 | _aOVERHEAD LINE PRACTICE | |
| 250 | _a3TH ED. | ||
| 260 | _aDUBLIN | ||
| 260 |
_aIrlanda _bMCDONALD _c1966 |
||
| 300 | _a388 | ||
| 942 | _c01 | ||
| 010 | _a20384 | ||
| 999 |
_c209319 _d209319 |
||